| 000 | 00545nam a22001937a 4500 | ||
|---|---|---|---|
| 005 | 20220627081325.0 | ||
| 008 | 210303b xxu||||| |||| 00| 0 spa d | ||
| 041 | _aspa | ||
| 082 | _aTU 134 | ||
| 100 |
_aCarrillo Solano, Sofía María _959885 |
||
| 245 | _aInforme de práctica supervisada realizada en Selina Manuel Antonio | ||
| 260 | _c2018 | ||
| 300 | _a55 páginas | ||
| 650 |
_aCOSTA RICA _963991 |
||
| 650 |
_aHOTEL SELINA _959887 |
||
| 650 |
_aMANUEL ANTONIO QUEPOS _959888 |
||
| 650 |
_aDESARROLLO OPERATIVO _959823 |
||
| 942 | _cIP | ||
| 999 |
_c12950 _d12950 |
||